| 000 | 00685nam a22001817a 4500 | ||
|---|---|---|---|
| 999 |
_c61938 _d61938 |
||
| 003 | Ge_BSU | ||
| 005 | 20240613103121.0 | ||
| 008 | 240612s1955 ge ||||| |||| 00| 0 geo d | ||
| 041 | _ageo | ||
| 080 | _a61(063) -97 | ||
| 245 |
_aაჭარის ექიმთა საზოგადოების შრომები : _bტ.2 / _cრედ. ა. პერტაია. |
||
| 264 |
_aბათუმი, _c1955. |
||
| 300 |
_a180 გვ.; _b22 სმ. |
||
| 653 | _aაჭარის ექიმთა საზოგადოება | ||
| 653 | _aშრომები | ||
| 700 |
_a პერტაია, ა. _eრედაქტორი _922410 |
||
| 942 |
_2udc _cSHR |
||